[Event "zonal 1.1 (w)"]
[Site "Chambery FRA"]
[Date "1995.08.??"]
[Round "7"]
[White "Lalic, Susan"]
[Black "Flear, Christine"]
[Result "1/2-1/2"]
[WhiteElo "2315"]
[BlackElo "2235"]
[EventDate "1995.08.04"]
[PlyCount "33"]

1.e4 e5 2.Nf3 Nc6 3.Nc3 Nf6 4.d4 Bb4 5.Nxe5 Bxc3+ 6.bxc3 Qe7 7.Nxc6 Qxe4+ 
8.Be2 Qxc6 9.O-O O-O 10.c4 d5 11.cxd5 Nxd5 12.Bd3 Nb4 13.Ba3 Nxd3 14.Qxd3 
Re8 15.d5 Qg6 16.Qc3 Bf5 17.Qxc7 1/2-1/2

[Event "zonal 1.1 (w)"]
[Site "Chambery FRA"]
[Date "1995.08.??"]
[Round "8"]
[White "Riegler, Alessandra"]
[Black "Lauterbach, Ingrid"]
[Result "0-1"]
[WhiteElo "2000"]
[BlackElo "2175"]
[EventDate "1995.08.04"]
[PlyCount "84"]

1.e4 d6 2.d4 Nf6 3.Nc3 g6 4.Bg5 c6 5.h3 Qa5 6.Qd2 Bg7 7.f4 b5 8.Bd3 h6 9.
Bh4 Ba6 10.Nf3 b4 11.Ne2 Bxd3 12.cxd3 O-O 13.O-O Na6 14.Rfc1 Qb6 15.Bf2 
Qb7 16.a3 Rfc8 17.axb4 Nxb4 18.Ra4 Na6 19.Rca1 Nc7 20.Rb4 Nb5 21.Nc3 a6 
22.Ra5 Nd7 23.Qd1 Nb6 24.Nd2 e6 25.Nc4 d5 26.Nxb6 Qxb6 27.Qa1 Bf8 28.Rba4 
Nc7 29.Qc1 Bb4 30.Rxb4 Qxb4 31.Rc5 Qb7 32.f5 Kh7 33.h4 exf5 34.exf5 Ne8 
35.fxg6+ fxg6 36.Qf4 Ng7 37.Be3 Nf5 38.Bc1 Qb8 39.g3 Qxf4 40.Bxf4 Nxd4 41.
Kf2 Ne6 42.Ra5 Rf8 0-1

[Event "zonal 1.1 (w)"]
[Site "Chambery FRA"]
[Date "1995.08.??"]
[Round "8"]
[White "Calzetta Ruiz, Monica"]
[Black "Wuts, Helene"]
[Result "1-0"]
[WhiteElo "2130"]
[BlackElo "2130"]
[EventDate "1995.08.04"]
[PlyCount "65"]

1.e4 e6 2.d4 d5 3.Nd2 Nf6 4.e5 Nfd7 5.f4 c5 6.c3 Nc6 7.Ndf3 cxd4 8.cxd4 f6
9.Bd3 Be7 10.h4 f5 11.h5 Rg8 12.Kf2 Qb6 13.Ne2 Nf8 14.a3 Bd7 15.b4 a6 16.
Bd2 Qd8 17.Qg1 Na7 18.g4 Bb5 19.Bb1 Bxe2 20.Kxe2 Qd7 21.gxf5 exf5 22.Bd3 
O-O-O 23.a4 Kb8 24.b5 axb5 25.axb5 Nxb5 26.Qb1 Na3 27.Qb3 Ne6 28.Rxa3 Bxa3
29.Qxa3 Nc7 30.Ra1 Qf7 31.Qa7+ Kc8 32.Rb1 Rd7 33.Qxb7+ 1-0

[Event "zonal 1.1 (w)"]
[Site "Chambery FRA"]
[Date "1995.08.??"]
[Round "8"]
[White "De Kleuver, Esther"]
[Black "Lalic, Susan"]
[Result "1/2-1/2"]
[WhiteElo "2155"]
[BlackElo "2315"]
[EventDate "1995.08.04"]
[PlyCount "87"]

1.e4 c6 2.d4 d5 3.Nd2 dxe4 4.Nxe4 Nf6 5.Nxf6+ gxf6 6.Qd3 Qa5+ 7.Bd2 Qf5 8.
Qc3 Nd7 9.O-O-O Nb6 10.f3 h5 11.Bd3 Qd5 12.Kb1 Bf5 13.Ne2 Bxd3 14.Qxd3 
O-O-O 15.Bc1 e6 16.Rhe1 Qc4 17.Qe4 f5 18.Qh4 Bg7 19.Bg5 Rdg8 20.Bf6 Nd5 
21.Bxg7 Rxg7 22.Qf2 Rd8 23.b3 Nc3+ 24.Nxc3 Qxc3 25.Re5 Rd5 26.Rd3 Qa5 27.
Rxd5 cxd5 28.Kb2 Qd8 29.Rc3+ Kb8 30.Qe3 Rxg2 31.Qe5+ Ka8 32.Qf6 Rg8 33.
Qxf7 Qe8 34.Rc7 Qxf7 35.Rxf7 Kb8 36.Rh7 Rg2 37.Rxh5 Rd2 38.Kc3 Rf2 39.Rh3 
a5 40.a4 Kc7 41.Kd3 Kd6 42.c4 b6 43.Kc3 Kc6 44.Kd3 1/2-1/2

[Event "zonal 1.1 (w)"]
[Site "Chambery FRA"]
[Date "1995.08.??"]
[Round "8"]
[White "Cuevas Rodriguez, Maria Luisa"]
[Black "Etchegaray, Malina"]
[Result "1/2-1/2"]
[WhiteElo "2245"]
[BlackElo "2175"]
[EventDate "1995.08.04"]
[PlyCount "78"]

1.d4 Nf6 2.Nf3 g6 3.c4 Bg7 4.g3 O-O 5.Bg2 d6 6.O-O Nbd7 7.Nc3 e5 8.e4 c6 
9.h3 Qb6 10.c5 dxc5 11.dxe5 Ne8 12.e6 fxe6 13.Ng5 Ne5 14.f4 Nf7 15.Nxf7 
Bd4+ 16.Kh2 Rxf7 17.e5 Nc7 18.Ne4 Nd5 19.Qe2 a5 20.a4 Qd8 21.h4 b6 22.Qg4 
Raa7 23.Ng5 Rg7 24.Be4 Qe8 25.Nf3 Ne7 26.Rd1 Nf5 27.Qh3 Bf2 28.g4 Nd4 29.
Kg2 Nxf3 30.Qxf3 Bd4 31.Bxc6 Qe7 32.Kh3 Rf7 33.Qe4 Bb7 34.Ra3 Qc7 35.Bxb7 
Qxb7 36.Qxb7 Raxb7 37.Rb3 c4 38.Rf3 Bxe5 39.Re1 Bg7 1/2-1/2

[Event "zonal 1.1 (w)"]
[Site "Chambery FRA"]
[Date "1995.08.??"]
[Round "9"]
[White "Etchegaray, Malina"]
[Black "Calzetta Ruiz, Monica"]
[Result "1/2-1/2"]
[WhiteElo "2175"]
[BlackElo "2130"]
[EventDate "1995.08.04"]
[PlyCount "71"]

1.d4 Nf6 2.c4 c5 3.d5 b5 4.cxb5 a6 5.Nc3 axb5 6.e4 b4 7.Nb5 d6 8.Bf4 g5 9.
Be3 Bg7 10.Bd3 h6 11.Ne2 Nbd7 12.Ng3 Ne5 13.Be2 Qb6 14.O-O Bd7 15.Nf5 Bxf5
16.exf5 Ra5 17.a4 bxa3 18.b4 Rxb5 19.Qa4 O-O 20.Bxb5 Rb8 21.Be2 Qxb4 22.
Qxa3 Qxa3 23.Rxa3 Nxd5 24.Rd1 Nxe3 25.fxe3 Rb2 26.Kf1 g4 27.Ra8+ Kh7 28.
Ra4 h5 29.h3 Bh6 30.f6 exf6 31.Rxd6 Bxe3 32.hxg4 hxg4 33.Bxg4 Rf2+ 34.Ke1 
Rxg2 35.Bf5+ Kg7 36.Be4 1/2-1/2

[Event "zonal 1.1 (w)"]
[Site "Chambery FRA"]
[Date "1995.08.??"]
[Round "9"]
[White "Regan, Natasha"]
[Black "De Kleuver, Esther"]
[Result "0-1"]
[WhiteElo "2140"]
[BlackElo "2155"]
[EventDate "1995.08.04"]
[PlyCount "68"]

1.e4 c5 2.d4 cxd4 3.c3 dxc3 4.Nxc3 e6 5.Nf3 Nc6 6.Bc4 d6 7.O-O Nf6 8.Qe2 
Be7 9.Rd1 e5 10.Be3 Bg4 11.h3 Bh5 12.g4 Bg6 13.Bc5 a6 14.Nd5 Nxd5 15.Bxd5 
Qc7 16.Ba3 h5 17.g5 h4 18.Qc4 Rc8 19.Rac1 Rh5 20.Kh2 Qb6 21.Qe2 Rc7 22.Rc3
Nd8 23.Rb3 Qa7 24.Rbd3 b5 25.Bb4 a5 26.Ra3 Nb7 27.Qxb5+ Kf8 28.Rd2 Bxg5 
29.Nxg5 Rxg5 30.Bxa5 Rc1 31.Bd8 Rgg1 32.Be6 Rh1+ 33.Kg2 Bxe4+ 34.Rf3 Rcg1#
0-1

[Event "zonal 1.1 (w)"]
[Site "Chambery FRA"]
[Date "1995.08.??"]
[Round "9"]
[White "Lalic, Susan"]
[Black "Riegler, Alessandra"]
[Result "1-0"]
[WhiteElo "2315"]
[BlackElo "2000"]
[EventDate "1995.08.04"]
[PlyCount "63"]

1.e4 c5 2.Nc3 Nc6 3.f4 d6 4.Nf3 Nf6 5.Bb5 Bg4 6.d3 a6 7.Bxc6+ bxc6 8.h3 
Bxf3 9.Qxf3 Qc8 10.O-O g6 11.e5 Nd7 12.exd6 exd6 13.Re1+ Be7 14.Qe4 Qd8 
15.Qxc6 O-O 16.Bd2 Nf6 17.Re2 d5 18.Rae1 Ra7 19.Kh2 Kg7 20.g3 Qd6 21.Qxd6 
Bxd6 22.Kg2 Rd8 23.Kf3 Rdd7 24.g4 Bb8 25.g5 Ng8 26.Re8 Rab7 27.Rc8 Ne7 28.
Rxe7 Rxe7 29.Nxd5 Re6 30.Nf6 Rxf6 31.Bc3 h5 32.Bxf6+ 1-0

[Event "zonal 1.1 (w)"]
[Site "Chambery FRA"]
[Date "1995.08.??"]
[Round "9"]
[White "Wuts, Helene"]
[Black "Flear, Christine"]
[Result "1/2-1/2"]
[WhiteElo "2130"]
[BlackElo "2235"]
[EventDate "1995.08.04"]
[PlyCount "32"]

1.e4 e5 2.Nf3 Nc6 3.Nc3 Nf6 4.d4 Bb4 5.Nxe5 Qe7 6.Nxc6 Qxe4+ 7.Be2 Bxc3+ 
8.bxc3 Qxc6 9.O-O O-O 10.c4 d5 11.cxd5 Nxd5 12.Bd3 Nb4 13.Ba3 Nxd3 14.Qxd3
Rd8 15.c4 Rb8 16.Rac1 Qf6 1/2-1/2